The soil-plant system in relation to inorganic nutrition
Salvato in:
| Autore principale: | |
|---|---|
| Natura: | Libro |
| Lingua: | Undetermined |
| Pubblicazione: |
New York
Academic
1967
|
| Soggetti: | |
| Tags: |
Aggiungi Tag
Nessun Tag, puoi essere il primo ad aggiungerne! !
|
| Thư viện lưu trữ: | Trung tâm Học liệu Trường Đại học Cần Thơ |
|---|
| LEADER | 00553nam a2200181Ia 4500 | ||
|---|---|---|---|
| 001 | CTU_20965 | ||
| 008 | 210402s9999 xx 000 0 und d | ||
| 082 | |a 631.4 | ||
| 082 | |b F899 | ||
| 100 | |a Maurice Fried | ||
| 245 | 4 | |a The soil-plant system in relation to inorganic nutrition | |
| 245 | 0 | |c Maurice Fried, Hans broeshart | |
| 260 | |a New York | ||
| 260 | |b Academic | ||
| 260 | |c 1967 | ||
| 650 | |a agriculture - research,plant-soil relationships,soil science | ||
| 904 | |i Minh, 980102 | ||
| 980 | |a Trung tâm Học liệu Trường Đại học Cần Thơ | ||